| 000 | 00553aam a2200205 4500 | ||
|---|---|---|---|
| 005 | 20241002191229.0 | ||
| 008 | 150818b2012 mx ||||| |||| 00| 0 spa d | ||
| 020 | _a9786071506856 | ||
| 041 | _aESP | ||
| 082 | _a610.73 B176a | ||
| 100 |
_aBalderas Pedrero, María de la Luz _918675 |
||
| 245 | _aAdministración de los servicios de enfermería | ||
| 260 | _aMéxico | ||
| 260 | _bMcGraw-Hill | ||
| 260 | _c2012 | ||
| 300 | _a405 páginas | ||
| 650 | _aENFERMERÍA | ||
| 650 | _aADMINISTRACIÓN DE LOS SERVICIOS DE ENFERMERÍA | ||
| 942 |
_cBK _2ddc |
||
| 999 |
_c578 _d578 |
||